Оценка негативного влияния высоких забойных температур на элементы конструкции скважины и буровое оборудование; Творчество юных - шаг в успешное будущее

Detalhes bibliográficos
Parent link:Творчество юных - шаг в успешное будущее.— 2015.— [С. 202-205]
Autor principal: Мельников В. В.
Autor Corporativo: Национальный исследовательский Томский политехнический университет (ТПУ) Институт природных ресурсов (ИПР) Кафедра бурения скважин (БС)
Outros Autores: Епихин А. В. Антон Владимирович (научный руководитель)
Resumo:Заглавие с титульного экрана
Idioma:russo
Publicado em: 2015
Colecção:Биоиндикация техногенеза
Assuntos:
Acesso em linha:http://earchive.tpu.ru/handle/11683/15823
Formato: MixedMaterials Recurso Electrónico Capítulo de Livro
KOHA link:https://koha.lib.tpu.ru/cgi-bin/koha/opac-detail.pl?biblionumber=617311

MARC

LEADER 00000naa2a2200000 4500
001 617311
005 20231101132943.0
035 |a (RuTPU)RU\TPU\conf\15624 
035 |a RU\TPU\conf\15622 
090 |a 617311 
100 |a 20160229d2015 k y0rusy50 ca 
101 0 |a rus 
102 |a RU 
105 |a y z 101zy 
135 |a drcn ---uucaa 
181 0 |a i  
182 0 |a b 
200 1 |a Оценка негативного влияния высоких забойных температур на элементы конструкции скважины и буровое оборудование  |f В. В. Мельников  |g науч. рук. А. В. Епихин 
203 |a Текст  |c электронный 
225 1 |a Биоиндикация техногенеза 
230 |a 1 компьютерный файл (pdf; 443 Кб) 
300 |a Заглавие с титульного экрана 
320 |a [Библиогр.: с. 205 (3 назв.)] 
463 0 |0 (RuTPU)RU\TPU\conf\15338  |t Творчество юных - шаг в успешное будущее  |o материалы VIII Всероссийской научной студенческой конференции с элементами научной школы имени профессора М. К. Коровина, г. Томск, 23-27 ноября 2015 г.  |f Национальный исследовательский Томский политехнический университет (ТПУ) ; под ред. А. Ю. Дмитриева  |v [С. 202-205]  |d 2015 
610 1 |a труды учёных ТПУ 
610 1 |a электронный ресурс 
610 1 |a бурение 
610 1 |a буровое оборудование 
610 1 |a скважины 
610 1 |a исследовательские работы 
610 1 |a высокие температуры 
700 1 |a Мельников  |b В. В. 
702 1 |a Епихин  |b А. В.  |c специалист в области нефтегазового дела  |c ассистент кафедры Томского политехнического университета  |f 1988-   |g Антон Владимирович  |2 stltpush  |4 727 
712 0 2 |a Национальный исследовательский Томский политехнический университет (ТПУ)  |b Институт природных ресурсов (ИПР)  |b Кафедра бурения скважин (БС)  |h 256  |2 stltpush  |3 (RuTPU)RU\TPU\col\18666 
801 2 |a RU  |b 63413507  |c 20180215  |g RCR 
856 4 |u http://earchive.tpu.ru/handle/11683/15823 
942 |c BK